Acción de todos : guía para el dirigente social y su trabajo en salud /

Detalles Bibliográficos
Autor principal: Valdés, Alicia
Otros Autores: Hevia, Solange
Formato: Libro
Lenguaje:inglés
Publicado: Santiago, Chile PIIE
Materias:

MARC

LEADER 00000cam a2200000 a 4500
001 012839
003 UAHC_CL
005 20170803120945.0
008 030807b xx j 000 1 eng
040 |a UAHC_CL  |c UAHC_CL  |d UAHC_CL 
100 1 |a Valdés, Alicia 
245 1 0 |a Acción de todos :  |b guía para el dirigente social y su trabajo en salud /  |c Alicia Valdés, Solange Hevia. 
260 |b PIIE  |a Santiago, Chile 
300 |a 31 p. 
653 |a TRABAJO SOCIAL 
700 1 |a Hevia, Solange 
900 |a 361.65 VAL 
942 |c BK 
952 |0 0  |1 0  |4 0  |6 361_650000000000000_VAL  |7 0  |8 General  |9 26116  |a BC  |b BC  |c General  |d 2017-08-03  |l 0  |o 361.65 VAL  |p 1339327  |r 2026-01-13 00:00:00  |t 1  |w 2017-08-03  |y BK 
999 |c 12839  |d 12839